000 00880nam a22002417a 4500
003 DO-SdBNP
005 20250502073820.0
006 a||||gr|||| 00| 0
007 ta
008 230928e1985 dr aoc|| |||| 00| 0 spa d
040 _aDO-SdBNP
_bspa
_cBNPHU
_erda
082 4 _222
_bS471s
111 2 _aSeminario sobre los restos de Cristóbal Colón.
_n(1e.:
_d1985:
_cSanto Domingo, República Dominicana)
_jautor
_984299
245 1 0 _aSeminario sobre los restos de Cristóbal Colón. /
264 _aSanto Domingo :
_bONAP,
_c1985
300 _a93 páginas :
_bIlustraciones, fotografías, retratos ;
_c21 cm.
336 _2rdacontent
_atexto
_btxt
337 _2rdamedia
_asin mediación
_bn
338 _2rdacarrier
_avolumen
_bnc
590 _aInventariado 2023 / MF
710 1 _aRepública Dominicana.
_bOficina Nacional de Administración y Personal
_926398
942 _2ddc
_cLBS1
999 _c55003
_d55003